(-)-5-(3-Chlórfenyl)-alfa-(4-chlórfenyl)-alfa-(1-metyl-1H-imidazol-5-yl) tetrozolo[1,5-a]chinazolín-7-metánamín, spôsob jeho prípravy a použitie, farmaceutický prípravok na jeho báze a spôsob jeho prípravy

Bibliographic Details
Corporate Author: Janssen Pharmaceutica N.V. (Beerse, Belgicko) (Patent holder)
Other Authors: Venet, Marc Gaston (Originator), Angibaud, Patrick René (Originator), End, David William (Originator)
Format: Book
Language:Slovak
PhysicalDescription:6 s. 30 cm
Published: [Banská Bystrica] Úrad priemyselného vlastníctva SR [2007]
Subjects:

MARC

LEADER 00000cam a2200000 a 4500
001 vtls009797978
003 SK-MaSNL
005 20260331204838.0
008 251120s2007 xo rj f000 0 slo
013 |a 285699  |b ep  |c patent  |d 20070607  |e dátum nadobudnutia účinkov patentu (Vestník ÚPV SR č.: 6/2007)  |d 20070528  |e dátum sprístupnenia patentu 
013 |a 50-2003  |e číslo prihlášky  |d 20010613  |e dátum podania prihlášky  |d 20030502  |e dátum zverejnenia prihlášky (Vestník ÚPV SR č.: 5/2003) 
013 |a 00202181.4  |e číslo prioritnej prihlášky  |d 20000622  |e dátum podania prioritnej prihlášky  |b EP  |e kód krajiny prioritnej prihlášky 
015 |a SNBN2014 
035 |a (SVKBBclas03)vtls000263705 
040 |a SNK  |b slo  |c SNK  |e AACR2 
041 0 |a slo 
044 |a xo  |c SK 
072 7 |a 66  |x Chemický priemysel. Chemická technológia  |2 konspekt 
072 7 |a 615  |x Farmácia. Farmakológia  |2 konspekt 
072 7 |a 616  |x Patológia. Klinická medicína  |2 konspekt 
080 |a 66  |2 2001 
080 |a 615.012/.014  |2 2001 
080 |a 661.12  |2 2001 
080 |a 616-006  |2 2001 
080 |a 616-006.4-08  |2 2001 
084 |a C07D 487/00  |2 IPC 
084 |a A61K 31/519  |2 IPC 
084 |a A61P 35/00  |2 IPC 
084 |a C07D 257/00  |2 IPC 
084 |a C07D 239/00  |2 IPC 
100 1 |a Venet, Marc Gaston  |4 org  |9 393928 
245 1 0 |a (-)-5-(3-Chlórfenyl)-alfa-(4-chlórfenyl)-alfa-(1-metyl-1H-imidazol-5-yl) tetrozolo[1,5-a]chinazolín-7-metánamín, spôsob jeho prípravy a použitie, farmaceutický prípravok na jeho báze a spôsob jeho prípravy  |c Marc Gaston Venet, Patrick René Angibaud, David William End ; patent. zást. Eva Bušová 
260 |a [Banská Bystrica]  |b Úrad priemyselného vlastníctva SR  |c [2007] 
300 |a 6 s.  |c 30 cm 
650 0 7 |a chemická technológia  |2 SNKPH  |9 65015 
650 0 7 |a Chemical technology  |2 SNKPHeng  |9 265252 
650 0 7 |a farmaceutická technológia  |2 SNKPH  |9 61186 
650 0 7 |a Pharmaceutical technology  |2 SNKPHeng  |9 320825 
650 0 7 |a liečivá  |2 SNKPH  |9 2452 
650 0 7 |a Pharmaceutical products  |2 SNKPHeng  |9 305127 
650 0 7 |a nádorové ochorenia  |2 SNKPH  |9 2539 
650 0 7 |a Neoplasm diseases  |2 SNKPHeng  |9 270736 
650 0 7 |a farmaceutické výrobky  |2 SNKPH  |9 51177 
650 0 7 |a Medicaments  |2 SNKPHeng  |9 275427 
650 0 7 |a protinádorová terapia  |2 SNKPH  |9 73302 
650 0 7 |a Antineoplastic therapy  |2 SNKPHeng  |9 321085 
655 7 |a patenty  |2 SNKPH  |9 177343 
655 7 |a patent licenses  |2 SNKPHeng  |9 303430 
700 1 |a Angibaud, Patrick René  |4 org  |9 539388 
700 1 |a End, David William  |4 org  |9 539389 
700 1 |a Bušová, Eva  |4 oth  |9 297878 
710 2 |a Janssen Pharmaceutica N.V. (Beerse, Belgicko)  |4 pth  |9 320743 
999 |c 831139  |d 833069 
952 |a SNK  |b SNK  |y PREZ  |7 0  |p 17A1119419  |o snkSK 285699  |i snk2014/24616  |8 0  |0 0  |1 0  |4 0  |d 2014-11-11  |l 0  |r 2026-02-24 03:37:49  |w 2026-02-24